000
00242nam a22001097a 4500
082
_a
624.171PIP
100
_a
Pipard A J S
245
_a
The analysis of engineering structures
260
_a
London
_b
Edward
_c
1968
300
_a
575
942
_c
BK
999
_c
15303
_d
15303